Colours! - Statistics

General Stats
  • This quiz has been taken 60 times
  • The average score is 13 of 16
Answer Stats
Answer % Correct
Blue
100%
Green
100%
Purple
100%
Red
100%
Yellow
100%
Black
98%
Pink
98%
White
98%
Orange
96%
Grey
94%
Brown
90%
Magenta
56%
Turquoise
50%
Maroon
48%
Violet
48%
Ochre
10%
No matching quizzes found
Score Distribution
Percent of People with Each Score
Percentile by Number Answered
Your Score History
You have not taken this quiz